Islanti-visa - Statistics

Yleistilastot
  • Tätä visaa on pelattu 843 kertaa
  • Keskiarvotulos 11 / 20
Vastaustilastot
Vihje Vastaus % Oikein
Pääkaupunki Reykjavík
100%
Virallinen kieli Islanti
98%
Merivirta, joka lämmittää huomattavasti Islantia {Golf}virta
95%
Valuutta Kruunu
89%
Ihmisryhmä, joka alkoi asuttamaan Islantia vuonna 874 Muinaisskandinaavit
84%
Valtio, josta Islanti itsenäistyi 1918 Tanska
83%
Yli 60 % Islannin pinta-alasta peittävä kasvillisuusvyöhyke Tundra
77%
Mitä Eyjafjallajökull ja Öræfajökull ovat? Tulivuoria
70%
Islannin kirkko edustaa tätä protestanttista haaraa Luterilaisuus
66%
Islannin suurin suihkuttava kuuma lähde Geysir
57%
Tunnettu islantilainen naislaulaja Björk
43%
Lähinnä merenalainen vuorijono, johon Islanti kuuluu {Atlantin} keskiselänne
42%
Erik Punaisen 900-luvun lopulla asuttama saari Grönlanti
41%
Perinteinen tarina Islannin asuttamisesta ja historiasta Saaga
41%
Pieni oranssinokkainen merilintu Lunni
40%
Euroopan suurin jäätikkö Vatnajökull
40%
Vuonna 930 perustetun Alþingin sanotaan olevan maailman vanhin _______ Parlamentti
20%
Islanti tuottaa yli 30 % sähköstään tällä energialla Geoterminen
18%
Erik Punaisen poika, joka perusti 1000-luvun alussa Vinlandin nykyisen Kanadan alueella Leif Erikinpoika
14%
Tuliperäinen 1960-luvulla muodostunut saari, joka on maailmanperintökohde Surtsey
9%
Ehtoja vastaavia visoja ei löytynyt
Tulosjakauma
Jokaisen tuloksen saaneiden osuus
Persentiili vastausten määrän mukaan
Tuloshistoriasi
Et ole pelannut tätä visaa